000 02228nam0a2200373 4500
001 RU\NLR\bibl\961140
005 20260405095332.0
010 _a5-93517-292-5
_93000
035 _a(NLR Aleph) 000949168
090 _a268701
_c268701
100 _a20060622d2006 |||y0rusy50 ca
101 0 _arus
102 _aRU
105 _aa |||||||||
200 1 _aОсновы информационной безопасности
_eучебное пособие для студентов высших учебных заведений, обучающихся по специальностям в области информационной безопасности
_fЕ.Б. Белов, В.П. Лось, Р.В. Мещеряков, А.А. Шелупанов
210 _aМосква
_cГорячая линия-Телеком
_d2006
215 _a544 с.
_cил.
_d22
225 1 _aУчебное пособие для высших учебных заведений
_iСпециальность
320 _aБиблиогр. в конце частей
606 1 _aИнформация
_jУчебные издания для высших учебных заведений
_xЗащита
_91603819
_3RU\NLR\auth\661004510
606 1 _aИнформационная безопасность
_jУчебные издания для высших учебных заведений
_xПравовые вопросы
_yРоссийская Федерация
_92206380
_3RU\NLR\auth\661325591
686 _aЗ811я73-1
686 _aХ621.162я73
701 1 _4070
_8rus
_7ca
_aБелов
_bЕ. Б.
_cспец. по информ. безопасности
_gЕвгений Борисович
_3RU\NLR\auth\7735821
_918817
701 1 _aЛос
_bВ. П.
_gВладимир Павлович
_4070
701 1 _aМещеряков
_bР. В.
_gРоман Валерьевич
_4070
701 1 _4070
_aШелупанов
_bА. А.
_cд-р техн. наук, канд. физ.-мат. наук
_f1954-
_gАлександр Александрович
_9218193
_3RU\NLR\AUTH\770218249
801 0 _aRU
_bNLR
_c20060622
_grcr
801 1 _aRU
_bNLR
_c20060622
830 _aавт. по кн.
942 _cBOOK
980 _aNB